Diccionario razonado de legislación y jurisprudencia chilenas
Salvato in:
| Autore principale: | |
|---|---|
| Natura: | Libro |
| Lingua: | spagnolo |
| Pubblicazione: |
Santiago
Imprenta Victoria
1883
|
| Soggetti: | |
| Tags: |
Aggiungi Tag
Nessun Tag, puoi essere il primo ad aggiungerne!!
|
MARC
| LEADER | 00000nam a2200000 a 4500 | ||
|---|---|---|---|
| 001 | UCR3855 | ||
| 003 | CL-VaPUC | ||
| 008 | 980130e18830000CL |||||||||||||||||spa|d | ||
| 082 | 0 | 4 | |a 340.03 |b RIS |2 21 |
| 100 | 0 | |a Risopatrón, Carlos V |e author |9 403233 | |
| 245 | 1 | 0 | |a Diccionario razonado de legislación y jurisprudencia chilenas |
| 300 | |a 2 v | ||
| 942 | |c BK | ||
| 945 | |d 19980130 00:00:00 |a aolguin | ||
| 260 | |a Santiago |b Imprenta Victoria |c 1883 | ||
| 650 | 7 | |a DERECHO |2 CL-VaPUC |9 403234 | |
| 650 | 0 | |a Diccionarios |9 256200 | |
| 650 | 7 | |a LEGISLACION |2 CL-VaPUC |9 403235 | |
| 650 | 0 | |a Jurisprudencia |9 255952 | |
| 650 | 7 | |a CONCEPTOS DEL DERECHO |2 CL-VaPUC |9 403236 | |
| 650 | 7 | |a TERMINOLOGIA |2 CL-VaPUC |9 254881 | |
| 651 | 7 | |a CHILE |2 CL-VaPUC |9 403237 | |
| 583 | |a last modification |c 19980130 00:00:00 |k Rodrigo Vera | ||
| 999 | |c 266874 |d 266872 | ||
| 952 | |0 0 |1 0 |4 0 |6 340_030000000000000_RIS_1883 |7 0 |8 X |9 298893 |a BIBDER |b BIBDER |d 2019-11-20 |h v.1 |i 1944193 |o 340.03 RIS 1883 |p 1944193 |r 2023-01-25 |w 2019-11-20 |y BK_X |k DER | ||
| 952 | |0 0 |1 0 |4 0 |6 340_030000000000000_RIS_1883 |7 0 |8 X |9 298894 |a BIBDER |b BIBDER |d 2019-11-20 |h v.2 |i 1944142 |o 340.03 RIS 1883 |p 1944142 |r 2023-01-25 |w 2019-11-20 |y BK_X |k DER | ||